Diliparanjani: (Record no. 187483)

MARC details
000 -LEADER
fixed length control field 00572nam a22001817a 4500
005 - DATE AND TIME OF LATEST TRANSACTION
control field 20220421103149.0
010 ## - LCCN (DPL NO)
LC control number ENG-132345
020 ## - INTERNATIONAL STANDARD BOOK NUMBER
International Standard Book Number 9789382396062
Terms of availability 695.00
035 ## - SYSTEM CONTROL NUMBER
System control number EN-115877
037 ## - SOURCE OF ACQUISITION
Source of stock number/acquisition DBAD/PUB
082 ## - DEWEY DECIMAL CLASSIFICATION NUMBER
Classification number 891.492
100 ## - MAIN ENTRY--PERSONAL NAME
Personal name Goswamy, Karuna
245 ## - TITLE STATEMENT
Title Diliparanjani:
Remainder of title An 18th Century Chronicle of a Hill State in Verse/
Statement of responsibility, etc Karuna Goswamy
260 ## - PUBLICATION, DISTRIBUTION, ETC. (IMPRINT)
Place of publication, distribution, etc Shimla
Name of publisher, distributor, etc Indian Institute of Advanced Study
Date of publication, distribution, etc 2015
270 ## - ADDRESS
Address Rashtrapati Nivas
City Shimla
300 ## - PHYSICAL DESCRIPTION
Extent vii, 331p.
Other physical details Appendix
Dimensions 24cm(hbk)
942 ## - ADDED ENTRY ELEMENTS (KOHA)
Source of classification or shelving scheme Dewey Decimal Classification
Item type English Books
Classification part 891.492
Call number suffix GOS
Holdings
Withdrawn status Lost status Not for loan Collection code Home library Current library Date acquired Source of acquisition Cost, normal purchase price Full call number Barcode Copy number Cost, replacement price Koha item type
      Non-fiction Patel Nagar Patel Nagar 21/04/2022 DBAD/PUB 625.00 891.492 GOS EN-115877 1 625.00 English Books

© Delhi Public Library
Hit Counter
free hit counter